Turismo e imaginarios /
Salvato in:
| Autore principale: | |
|---|---|
| Natura: | testo |
| Tags: |
Aggiungi Tag
Nessun Tag, puoi essere il primo ad aggiungerne!!
|
MARC
| LEADER | 00000 a a2200000 04500 | ||
|---|---|---|---|
| 001 | 4205 | ||
| 003 | |||
| 040 | |||
| 090 | |a REV0229 (123) 2002 | ||
| 100 | |a Hiernaux-Nicolas, Daniel | ||
| 245 | |a Turismo e imaginarios / |c Daniel Hiernaux-Nicolas | ||
| 773 | |g número 123; páginas 7-36 | ||
| 999 | |c 34618 |d 34618 | ||
